CRB/ (Record no. 4133)

MARC details
000 -LEADER
campo de control de longitud fija 01246nam a22003617a 4500
003 - IDENTIFICADOR DE NÚMERO DE CONTROL
campo de control OSt
005 - FECHA Y HORA DE LA ÚLTIMA TRANSACCIÓN
campo de control 20230816134416.0
008 - DATOS DE LONGITUD FIJA--INFORMACIÓN GENERAL
campo de control de longitud fija 221006b |||||||| |||| 00| 0 eng d
040 ## - FUENTE DE CATALOGACIÓN
Centro/agencia transcriptor Biblioteca Lado V
082 ## - NÚMERO DE LA CLASIFICACIÓN DECIMAL DEWEY
Número de clasificación 868.992.3
Número de ítem B214c
100 ## - ENTRADA PRINCIPAL--NOMBRE DE PERSONA
9 (RLIN) 943
Nombre de persona Bandara, Samuel B.
Término indicativo de función/relación editor
245 ## - MENCIÓN DEL TÍTULO
Título CRB/
Resto del título The Caribbean Review of Books/
260 ## - PUBLICACIÓN, DISTRIBUCIÓN, ETC.
Nombre del editor, distribuidor, etc. Media and Editorial Projects Ltd.
Fecha de publicación, distribución, etc. 2006
Lugar de publicación, distribución, etc. España
-- Trinidad y Tobago
300 ## - DESCRIPCIÓN FÍSICA
Dimensiones 21x25.5cm
Extensión 38p.
490 ## - MENCIÓN DE SERIE
Mención de serie 9
Designación de volumen o secuencia 2006
505 ## - NOTA DE CONTENIDO CON FORMATO
Título Reviews
505 ## - NOTA DE CONTENIDO CON FORMATO
Título Something to declare
505 ## - NOTA DE CONTENIDO CON FORMATO
Título Things only poems say
505 ## - NOTA DE CONTENIDO CON FORMATO
Título More than hot air
505 ## - NOTA DE CONTENIDO CON FORMATO
Título Ages of Innocence
505 ## - NOTA DE CONTENIDO CON FORMATO
Título Shakespeare and co.
505 ## - NOTA DE CONTENIDO CON FORMATO
Título Unforgettable fire
505 ## - NOTA DE CONTENIDO CON FORMATO
Título You can´t go home again
505 ## - NOTA DE CONTENIDO CON FORMATO
Título Don´t stop the Carnival
Nota de contenido con formato In brief<br/><br/>Also noted<br/><br/>Etc.
505 ## - NOTA DE CONTENIDO CON FORMATO
Título Marginalia
505 ## - NOTA DE CONTENIDO CON FORMATO
Título Grime is not always grime
Nota de contenido con formato Notebook
650 ## - PUNTO DE ACCESO ADICIONAL DE MATERIA--TÉRMINO DE MATERIA
Fuente del encabezamiento o término Tesauro de Arte & Arquitectura
Término de materia o nombre geográfico como elemento de entrada ARTE
9 (RLIN) 703
650 ## - PUNTO DE ACCESO ADICIONAL DE MATERIA--TÉRMINO DE MATERIA
Fuente del encabezamiento o término Tesauro de Arte & Arquitectura
Término de materia o nombre geográfico como elemento de entrada LITERATURA CARIBEÑA
650 ## - PUNTO DE ACCESO ADICIONAL DE MATERIA--TÉRMINO DE MATERIA
Fuente del encabezamiento o término Tesauro de Arte & Arquitectura
Término de materia o nombre geográfico como elemento de entrada CULTURA
650 ## - PUNTO DE ACCESO ADICIONAL DE MATERIA--TÉRMINO DE MATERIA
Fuente del encabezamiento o término Tesauro de Arte & Arquitectura
Término de materia o nombre geográfico como elemento de entrada COLECCION
710 ## - ENTRADA AGREGADA--NOMBRE DE ENTIDAD CORPORATIVA
Nombre de entidad corporativa o nombre de jurisdicción como elemento de entrada Zero-Six Editions
Término indicativo de función/relación editor
942 ## - ELEMENTOS DE ENTRADA SECUNDARIOS (KOHA)
Fuente del sistema de clasificación o colocación Clasificación Decimal Dewey
Tipo de ítem Koha Libros
Parte de la signatura que corresponde a la clasificación (Parte de la clasificación) 868.992.3
Parte de la signatura que identifica el ejemplar (Parte del ítem) B214c
Suprimir en OPAC No
Holdings
Estatus retirado Estado de pérdida Fuente del sistema de clasificación o colocación Especificación de materiales (volumen encuadernado u otra parte) Estado de daño No para préstamo Colección Biblioteca de origen Biblioteca actual Fecha de adquisición Enumeración/cronología de publicación seriada Número de inventario Total de préstamos Signatura topográfica completa Código de barras Visto por última vez Precio de reemplazo Tipo de ítem Koha
    Clasificación Decimal Dewey 2006     Revistas Biblioteca LadoV Biblioteca LadoV 16/08/2023 9 003220   868.992.3 B214c 003220 16/08/2023 16/08/2023 Libros